|
|
|
|
| LEADER |
00801nab a2200241 i 4500 |
| 001 |
publ33037 |
| 005 |
20250509142855.0 |
| 008 |
250509s1987 hu o 000 eng d |
| 022 |
|
|
|a 0013-7227
|
| 024 |
7 |
|
|a 10.1210/endo-121-4-1454
|2 doi
|
| 024 |
7 |
|
|a 1047315
|2 mtmt
|
| 040 |
|
|
|a SZTE Publicatio Repozitórium
|b hun
|
| 041 |
|
|
|a eng
|
| 100 |
1 |
|
|a Schwartz Jeffrey
|
| 245 |
1 |
2 |
|a A New Cytotoxin Specific for the Target Cells of Corticotropin-Releasing Factor
|h [elektronikus dokumentum] /
|c Schwartz Jeffrey
|
| 260 |
|
|
|c 1987
|
| 300 |
|
|
|a 1454-1460
|
| 490 |
0 |
|
|a ENDOCRINOLOGY
|v 121 No. 4
|
| 650 |
|
4 |
|a Klinikai orvostan
|
| 700 |
0 |
1 |
|a Penke Botond
|e aut
|
| 700 |
0 |
1 |
|a Rivier Jean
|e aut
|
| 700 |
0 |
1 |
|a Vale Wylie
|e aut
|
| 856 |
4 |
0 |
|u http://publicatio.bibl.u-szeged.hu/33037/1/aok_klny_964_87.pdf
|z Dokumentum-elérés
|